• 首页
  • 本馆介绍
  • 公告通知
  • 最新文献
  • 馆藏检索
  • 电子资源
  • 读者导购
  • 参考咨询
  • 我的图书馆
  • 登录
  • 详细信息显示
  • 放入我的书架
  • 预约/预借图书
  • 作者相关作品
  • 分类相关作品
  • 丛书相关作品
  • 出版社相关作品

书目信息

  • 表格格式
  • 工作单格式
  • 卡片格式
题名:
冀东地秧歌
    
 
作者: 徐宝山 编
分册:  
出版信息: 北京   人民音乐出版社  1982.11
页数: 103页
开本: 20cm
丛书名:
单 册:
中图分类: J722.211
科图分类:
主题词: 舞蹈艺术--中国 , 舞剧--中国
电子资源:
ISBN:
000 00552nam0 2200205 45
001 0312221749
005 20040509173038.8
010    @dCNY0.45
100    @a20031222d1982 km y0chiy0120 ea
101    @achi
105    @a z 000yy
200 1  @a冀东地秧歌@e中国传统秧歌舞蹈选@AJi Dong Di Yang Ge@f徐宝山编@FXu Bao Shan Bian
210    @a北京@c人民音乐出版社@d1982.11
215    @a103页@d20cm
606 0  @a舞蹈艺术@x中国
606 0  @a舞剧@x中国
690    @aJ722.211@v3
701 0  @a徐宝山@4编
801    @aCN@bTSTCL@c20031222
905    @dJ722.211@e17
    
    冀东地秧歌:中国传统秧歌舞蹈选/徐宝山编.-北京:人民音乐出版社,1982.11
    103页;20cm
    
    
    ISBN :CNY0.45
    
●
相关链接 在E读中查询图书 在五车中查询图书 在当当中查询图书 在豆瓣中查询图书


正题名:冀东地秧歌     索取号:J722.211/17         预约/预借

序号 登录号 条形码 馆藏地/架位号 状态 备注
1 0232173   001704016   第一借阅区/ [索取号:J722.211/17] 在馆    
2 0232174   001224678   第一借阅区/ [索取号:J722.211/17] 在馆    
3 0232175   001224428   第一样本阅览室/ [索取号:J722.211/17] 在馆    
唐山师范学院图书馆 欢迎您!
大连网信软件有限公司© 版权所有